Inovace není jen změna

Pojem inovácia. Produktové inovácie, marketingové inovácie, organizačné inovácie. Proces produktovej inovácie. Predpoklady firmy k inovačnej politike.

Salvato in:
Dettagli Bibliografici
Autore principale: Tomek, Gustav
Natura: Capitolo di libro
Lingua:ceco
Soggetti:
Tags: Aggiungi Tag
Nessun Tag, puoi essere il primo ad aggiungerne!!

MARC

LEADER 00000naa a2200000 4500
001 0174163
005 20231115070158.4
041 0 |a cze 
044 |a CZ 
245 1 0 |a Inovace není jen změna  |c Gustav Tomek 
520 |a Pojem inovácia. Produktové inovácie, marketingové inovácie, organizačné inovácie. Proces produktovej inovácie. Predpoklady firmy k inovačnej politike. 
610 2 0 |a inovácia 
610 2 0 |a pojmy 
610 2 0 |a inovácia výrobkov 
100 1 |a Tomek, Gustav